| 000 | 01751cam a22004577a 4500 | ||
|---|---|---|---|
| 001 | 000092151 | ||
| 003 | CHAP | ||
| 005 | 20250613131531.0 | ||
| 008 | 040809d2004 mx r 00110 spa d | ||
| 010 | _a88618 | ||
| 011 | _a89590 | ||
| 035 | _a100141 | ||
| 040 | _cCHAP | ||
| 090 | _aTesis | ||
| 100 | 0 | 0 |
_aCruz García, Omar. _929397 |
| 245 | 1 | 0 |
_aTipificación y caracterización con enfoque de sostenibilidad de los productores piñeros del municipio de Juan Rodríguez Clara, Veracruz / _c/por Omar Cruz García y Tomás Mendoza Felipe. |
| 260 |
_aChapingo, Méx. : _bEl autor, _c2004. |
||
| 300 |
_a73 h. ; : _banexos. |
||
| 502 | _aTesis (Ing. en Agroecología) -- UACH. Departamento de Agroecología | ||
| 590 |
_aALEPH _b10 _c20130110 _lUCH01 _h1459 |
||
| 590 |
_aBATCH-UPD _b10 _c20130110 _lUCH01 _h0456 |
||
| 590 |
_aBATCH-UPD _b10 _c20130410 _lUCH01 _h0134 |
||
| 590 |
_aBATCH-UPD _b10 _c20130410 _lUCH01 _h1555 |
||
| 590 |
_aBATCH-UPD _b10 _c20130913 _lUCH01 _h2223 |
||
| 590 |
_aBATCH-UPD _b10 _c20130914 _lUCH01 _h1812 |
||
| 590 |
_aBATCH-UPD _b10 _c20140324 _lUCH01 _h1446 |
||
| 590 |
_aBATCH-UPD _b10 _c20141002 _lUCH01 _h0823 |
||
| 590 |
_aCONVERSION _b10 _c20130109 _lUCH01 _h1349 |
||
| 590 |
_aE12093SGE _b10 _c20130625 _lUCH01 _h1201 |
||
| 650 | 1 | 4 | _aAgricultura sustentable. |
| 650 | 1 | 7 |
_aPiña (Ananas comosus) _xRendimiento _2 _988423 |
| 650 | 1 | 7 |
_aPiña (Ananas comosus) _xVeracruz _2 _988428 |
| 700 | 0 | 0 |
_aMendoza Felipe, Tomás. _974643 |
| 856 |
_3Finding aid _uhttp://10.13.5.2/tesis/100141.pdf _zTeclea aquí |
||
| 901 | _aBK | ||
| 905 | _aAlejandra Carrasco M. | ||
| 942 | _cCD | ||
| 942 | _n0 | ||
| 949 |
_aTesis _bBC _cTES _d1001411 _eTS1 _h42243 _i100141 _sb |
||
| 949 |
_aTesis _bBC _cTES _d33724000795076 _eTS2 _fc.2 _h42244 _i100141 _sb |
||
| 999 |
_c88618 _d88618 |
||